000 00451nam a22001577a 4500
005 20250109092843.0
008 250109b ||||| |||| 00| 0 eng d
040 _cAL
041 _aEnglish
082 _223
_a348.04
_bCHAA
100 _aJagjith Singh Chawla
_9192733
245 _aAll India Criminal Law Reporter: Vol 89 2011(1)
260 _aChandigarh
_bAll India Criminal Law Reporter
_c2011
650 _aCriminal law
_9192734
942 _2ddc
_cBI
999 _c233596
_d233596